[Event "European Championship"]
[Site "Plovdiv BUL"]
[Date "2012.03.29"]
[Round "9"]
[White "Rakhmanov, Aleksandr"]
[Black "Grachev, Boris"]
[Result "1/2-1/2"]
[WhiteElo "2602"]
[BlackElo "2705"]
[PlyCount "82"]
[EventDate "2012.03.20"]
[EventRounds "11"]
[EventCountry "BUL"]

1. c4 e6 2. Nf3 d5 3. d4 Nf6 4. Nc3 Be7 5. Bg5 h6 6. Bh4 O-O 7. e3 Nbd7 8. Bd3
a6 9. c5 c6 10. O-O e5 11. dxe5 Ne8 12. Bxe7 Qxe7 13. e4 dxe4 14. Nxe4 Nxe5 15.
Nxe5 Qxe5 16. Qb3 Nf6 17. Qc3 Qxc3 18. Nxc3 Be6 19. Rfd1 Rfd8 20. Be2 Nd7 21.
Na4 g5 22. f3 Nf6 23. Nc3 Nd7 24. Na4 a5 25. Kf2 Kg7 26. b3 Re8 27. Rd4 Re7 28.
Bf1 Bd5 29. Nb6 Nxb6 30. cxb6 Re5 31. Rad1 Kf6 32. Ra4 c5 33. Rc1 Be6 34. Bd3
Bd7 35. Re4 Bc6 36. Rxe5 Kxe5 37. Ke3 Kd6 38. Rd1 Ke5 39. Rc1 Kd6 40. Rd1 Ke5
41. Rc1 Kd6 1/2-1/2

[Event "European Championship"]
[Site "Plovdiv BUL"]
[Date "2012.03.29"]
[Round "9"]
[White "Saric, Ivan"]
[Black "Movsesian, Sergei"]
[Result "1/2-1/2"]
[WhiteElo "2649"]
[BlackElo "2702"]
[PlyCount "81"]
[EventDate "2012.03.20"]
[EventRounds "11"]
[EventCountry "BUL"]

1. e4 e5 2. Nf3 Nc6 3. Bb5 Nf6 4. O-O Nxe4 5. d4 Nd6 6. Bxc6 dxc6 7. dxe5 Nf5
8. Qxd8+ Kxd8 9. Nc3 Ke8 10. h3 h5 11. Ne2 Be7 12. Bg5 Be6 13. Nf4 Bd5 14. Nxd5
cxd5 15. Rad1 c6 16. g4 hxg4 17. hxg4 Bxg5 18. gxf5 Rh5 19. Kg2 Be7 20. Nd4
Rg5+ 21. Kf3 c5 22. Nb5 Rxf5+ 23. Kg4 Rg5+ 24. Kf4 Kd7 25. Rxd5+ Kc6 26. c4 f6
27. Rfd1 fxe5+ 28. Ke3 Rg6 29. Rd7 a6 30. Na7+ Rxa7 31. Rxe7 Ra8 32. Rdd7 b5
33. Rc7+ Kb6 34. Rb7+ Kc6 35. Rec7+ Kd6 36. b3 bxc4 37. bxc4 Rf8 38. Rxg7 Rxg7
39. Rxg7 Rf4 40. Rg6+ Kd7 41. Rxa6 1/2-1/2

[Event "European Championship"]
[Site "Plovdiv BUL"]
[Date "2012.03.29"]
[Round "9"]
[White "Timofeev, Artyom"]
[Black "Jakovenko, Dmitry"]
[Result "0-1"]
[WhiteElo "2650"]
[BlackElo "2729"]
[PlyCount "58"]
[EventDate "2012.03.20"]
[EventRounds "11"]
[EventCountry "BUL"]

1. d4 d5 2. c4 c6 3. Nf3 Nf6 4. Nc3 dxc4 5. a4 e6 6. e4 Bb4 7. Bg5 h6 8. Bxf6
Qxf6 9. Bxc4 c5 10. e5 Qd8 11. d5 exd5 12. Bxd5 O-O 13. O-O Nc6 14. h3 Qe7 15.
Qe2 Bf5 16. Rad1 Rad8 17. Rd2 Be6 18. Rfd1 Bxc3 19. bxc3 Bxd5 20. Rxd5 Nd4 21.
R5xd4 cxd4 22. cxd4 Rd5 23. Qc4 Qd7 24. Rc1 Ra5 25. Qc2 b6 26. Kh2 Rd8 27. Qd2
Rxa4 28. Rc3 b5 29. Qc2 Qe6 0-1

[Event "European Championship"]
[Site "Plovdiv BUL"]
[Date "2012.03.29"]
[Round "9"]
[White "Vajda, Levente"]
[Black "Sutovsky, Emil"]
[Result "1/2-1/2"]
[WhiteElo "2597"]
[BlackElo "2700"]
[PlyCount "113"]
[EventDate "2012.03.20"]
[EventRounds "11"]
[EventCountry "BUL"]

1. e4 e5 2. Nf3 Nc6 3. Bc4 Nf6 4. d3 Bc5 5. c3 O-O 6. O-O d5 7. exd5 Nxd5 8.
Nbd2 Nb6 9. Bb3 Qxd3 10. Bc2 Qd8 11. Qe2 Bg4 12. Ne4 Be7 13. Rd1 Qe8 14. h3
Bxf3 15. Qxf3 f5 16. Ng5 Bxg5 17. Bxg5 Kh8 18. h4 Nc4 19. Qe2 Nd6 20. Rd5 f4
21. Rad1 e4 22. Qd2 Nc4 23. Qe2 Nd6 24. Qd2 e3 25. Qd3 exf2+ 26. Kf1 g6 27. c4
Qe3 28. Qxe3 fxe3 29. Bxe3 Nb4 30. R5d2 Rf7 31. Bd4+ Kg8 32. c5 Nxc2 33. cxd6
Nxd4 34. Rxd4 c5 35. Rd5 b6 36. d7 Rd8 37. b3 Rf4 38. h5 Kf7 39. hxg6+ hxg6 40.
R5d3 Rf6 41. a4 Ke7 42. R1d2 Re6 43. Kxf2 Rf8+ 44. Rf3 Rxf3+ 45. Kxf3 Kd8 46.
Kf4 a6 47. Rd5 Rc6 48. Ke5 b5 49. axb5 axb5 50. Rd3 c4 51. bxc4 bxc4 52. Rc3
Kxd7 53. Kd5 Rd6+ 54. Ke5 Re6+ 55. Kd5 Re2 56. Rxc4 Rxg2 57. Ke5 1/2-1/2

[Event "European Championship"]
[Site "Plovdiv BUL"]
[Date "2012.03.29"]
[Round "9"]
[White "Vitiugov, Nikita"]
[Black "Matlakov, Maxim"]
[Result "1/2-1/2"]
[WhiteElo "2709"]
[BlackElo "2632"]
[PlyCount "80"]
[EventDate "2012.03.20"]
[EventRounds "11"]
[EventCountry "BUL"]

1. c4 e6 2. Nc3 d5 3. d4 Be7 4. Bf4 Nf6 5. e3 O-O 6. a3 b6 7. Nb5 Na6 8. Nf3
Bb7 9. Be2 dxc4 10. Bxc4 c6 11. Nc3 b5 12. Be2 b4 13. Bxa6 Bxa6 14. axb4 Qb6
15. Qa4 Bb7 16. O-O Qxb4 17. Qxb4 Bxb4 18. Rfc1 Rfc8 19. Na4 Ba6 20. Ne5 Bb5
21. Nc4 Ne4 22. h4 Rd8 23. Bc7 Rdc8 24. Bf4 h6 25. h5 Nf6 26. Bd6 Bxc4 27. Bxb4
Bb5 28. Nc3 Nxh5 29. Nxb5 cxb5 30. Rxc8+ Rxc8 31. Bc5 Ra8 32. Rxa7 Rxa7 33.
Bxa7 f5 34. f3 Kf7 35. Kf2 Nf6 36. Bb8 g5 37. Be5 h5 38. Ke2 h4 39. Kf2 Nd7 40.
Bc7 Nf6 1/2-1/2

[Event "European Championship"]
[Site "Plovdiv BUL"]
[Date "2012.03.29"]
[Round "9"]
[White "Zhigalko, Sergei"]
[Black "Naiditsch, Arkadij"]
[Result "1-0"]
[WhiteElo "2649"]
[BlackElo "2702"]
[PlyCount "77"]
[EventDate "2012.03.20"]
[EventRounds "11"]
[EventCountry "BUL"]

1. e4 c5 2. Nf3 Nc6 3. Bb5 g6 4. Bxc6 bxc6 5. O-O Bg7 6. Re1 Nh6 7. c3 O-O 8.
h3 d6 9. d4 Qb6 10. b3 f6 11. Be3 cxd4 12. cxd4 g5 13. d5 Qa6 14. Nc3 c5 15.
Ne2 Bd7 16. Ng3 Qc8 17. Rc1 Qe8 18. Qd2 a5 19. h4 Ng4 20. hxg5 fxg5 21. Bxg5 a4
22. Rc4 axb3 23. axb3 h6 24. Bf4 Ra3 25. e5 Rxb3 26. exd6 Rb2 27. Rc2 Rb4 28.
Rxe7 Qg6 29. Rxd7 Rfxf4 30. Re7 Rb1+ 31. Rc1 Rxc1+ 32. Qxc1 Rf8 33. Qxc5 Bf6
34. Re1 h5 35. d7 h4 36. Ne4 Bd8 37. Qd6 Qg7 38. Neg5 Rf6 39. Re8+ 1-0

[Event "European Championship"]
[Site "Plovdiv BUL"]
[Date "2012.03.30"]
[Round "10"]
[White "Bacrot, Etienne"]
[Black "Khismatullin, Denis"]
[Result "1/2-1/2"]
[WhiteElo "2706"]
[BlackElo "2656"]
[PlyCount "75"]
[EventDate "2012.03.20"]
[EventRounds "11"]
[EventCountry "BUL"]

1. d4 Nf6 2. c4 e6 3. Nf3 Bb4+ 4. Nbd2 O-O 5. a3 Be7 6. e3 c5 7. Bd3 cxd4 8.
exd4 b6 9. O-O Bb7 10. Re1 Re8 11. Qc2 g6 12. Ng5 Bf8 13. Ndf3 Nc6 14. b4 Bg7
15. Bb2 Ne7 16. Nd2 Qc7 17. Ngf3 Qf4 18. h3 Qc7 19. Rac1 d6 20. Bc3 a5 21. bxa5
bxa5 22. d5 e5 23. Nxe5 Nexd5 24. cxd5 dxe5 25. Bxe5 Qxc2 26. Bxc2 Bxd5 27. Ba4
Rec8 28. Nb3 Ne4 29. Rxc8+ Rxc8 30. Bxg7 Kxg7 31. Nxa5 Ra8 32. Bc6 Rxa5 33.
Bxd5 Nf6 34. Bc4 Ra4 35. Bb3 Rxa3 36. Bc4 Ra4 37. Bb3 Ra3 38. Bc4 1/2-1/2

[Event "European Championship"]
[Site "Plovdiv BUL"]
[Date "2012.03.30"]
[Round "10"]
[White "Caruana, Fabiano"]
[Black "Balogh, Csaba"]
[Result "1/2-1/2"]
[WhiteElo "2767"]
[BlackElo "2664"]
[PlyCount "89"]
[EventDate "2012.03.20"]
[EventRounds "11"]
[EventCountry "BUL"]

1. d4 d5 2. c4 c6 3. Nf3 Nf6 4. e3 Bg4 5. Nc3 e6 6. h3 Bh5 7. Qb3 Qb6 8. Ne5
Nfd7 9. Nd3 Qxb3 10. axb3 Bg6 11. Bd2 Na6 12. c5 Nc7 13. b4 a6 14. Nf4 Bc2 15.
Bd3 Bxd3 16. Nxd3 g6 17. g4 Bg7 18. f4 f5 19. Ke2 Nf6 20. Rag1 O-O 21. Be1 Ne4
22. h4 Nf6 23. Ne5 fxg4 24. Nxg4 Nxg4 25. Rxg4 Ne8 26. Kd3 Nf6 27. Rg2 Nh5 28.
Ne2 Rf5 29. Kc2 Bf6 30. Kb3 Kf7 31. Ka4 Ke8 32. Ng1 Kd7 33. Nf3 Rg8 34. Bd2 Rg7
35. Bc3 Rg8 36. Bd2 Rg7 37. Re1 Rg8 38. Ng5 Rg7 39. Nf3 Rg8 40. Rgg1 Rg7 41.
Re2 Rg8 42. Ng5 Rg7 43. e4 dxe4 44. Rxe4 Bxg5 45. hxg5 1/2-1/2

[Event "European Championship"]
[Site "Plovdiv BUL"]
[Date "2012.03.30"]
[Round "10"]
[White "Fressinet, Laurent"]
[Black "Akopian, Vladimir"]
[Result "1-0"]
[WhiteElo "2693"]
[BlackElo "2684"]
[PlyCount "51"]
[EventDate "2012.03.20"]
[EventRounds "11"]
[EventCountry "BUL"]

1. d4 Nf6 2. Nf3 e6 3. c4 b6 4. e3 Bb7 5. Nc3 Bb4 6. Bd3 O-O 7. O-O Bxc3 8.
bxc3 d6 9. Nd2 Nbd7 10. e4 e5 11. f3 Re8 12. Rf2 c6 13. Nf1 d5 14. Ng3 Qc7 15.
Bg5 h6 16. Be3 Rad8 17. Nf5 dxc4 18. Bxc4 b5 19. Bb3 Nc5 20. Rd2 Nxb3 21. axb3
a6 22. dxe5 Rxd2 23. Qxd2 Qxe5 24. Bd4 Qe6 25. Nxh6+ Kh7 26. Nf5 1-0

[Event "European Championship"]
[Site "Plovdiv BUL"]
[Date "2012.03.30"]
[Round "10"]
[White "Grachev, Boris"]
[Black "Aleksandrov, Aleksej"]
[Result "1/2-1/2"]
[WhiteElo "2705"]
[BlackElo "2604"]
[PlyCount "106"]
[EventDate "2012.03.20"]
[EventRounds "11"]
[EventCountry "BUL"]

1. c4 e6 2. g3 d5 3. Bg2 Nf6 4. Nf3 dxc4 5. Qa4+ c6 6. Qxc4 b5 7. Qb3 Bb7 8.
O-O a6 9. Ne5 Qd6 10. d4 Qxd4 11. Nd3 Nbd7 12. Be3 Qd6 13. Rc1 Be7 14. Nc3 Qb8
15. Ne4 Nd5 16. Nec5 Nxe3 17. Nxd7 Qc7 18. fxe3 Qxd7 19. Qc3 f6 20. Rd1 Rd8 21.
Qb3 Qc8 22. Nf4 Rd5 23. Nxd5 cxd5 24. Rac1 Qd8 25. e4 Qb6+ 26. Kf1 dxe4 27. Qc3
Bd8 28. Rd4 O-O 29. Bxe4 f5 30. Bxb7 Bf6 31. Qc6 Qxd4 32. Qxe6+ Kh8 33. Rc8
Rxc8 34. Qxc8+ Qd8 35. Qxf5 Bxb2 36. Bxa6 b4 37. Kg2 g6 38. Qe4 Bc3 39. Bc4 Kg7
40. h4 h5 41. Qc6 Kh6 42. Bf7 Qf6 43. Qe8 Qd6 44. Qe4 Qf6 45. Be8 Bd4 46. e3
Bc3 47. Qf4+ Qxf4 48. gxf4 Be1 49. e4 Bxh4 50. e5 Kg7 51. Kf3 Be1 52. Bd7 Bd2
53. Ke4 Bc1 1/2-1/2

[Event "European Championship"]
[Site "Plovdiv BUL"]
[Date "2012.03.30"]
[Round "10"]
[White "Jakovenko, Dmitry"]
[Black "Kobalia, Mikhail"]
[Result "1-0"]
[WhiteElo "2729"]
[BlackElo "2666"]
[PlyCount "115"]
[EventDate "2012.03.20"]
[EventRounds "11"]
[EventCountry "BUL"]

1. d4 d5 2. c4 c6 3. Nf3 Nf6 4. Nc3 a6 5. e3 Bf5 6. Bd3 Bxd3 7. Qxd3 e6 8. O-O
Be7 9. e4 O-O 10. Bf4 Nbd7 11. Rad1 Rc8 12. exd5 exd5 13. c5 Nh5 14. Bd2 Qc7
15. Rfe1 Rfe8 16. g3 Bf8 17. b4 g6 18. a4 Bg7 19. Rb1 b5 20. Rxe8+ Rxe8 21.
axb5 axb5 22. Nxd5 cxd5 23. Qxb5 Re4 24. Ra1 h6 25. c6 Nb6 26. Ra6 Nc8 27. Qb7
Re7 28. Ra8 Qxb7 29. cxb7 Rxb7 30. Rxc8+ Kh7 31. Kf1 Nf6 32. Ne5 Ne4 33. Be1
Bf6 34. Rc6 Be7 35. Nd3 Nd6 36. Nf4 Nf5 37. Nxd5 Nxd4 38. Rc7 Rxc7 39. Nxc7 Bd6
40. Bc3 Nf3 41. Ne8 Be5 42. Bxe5 Nxe5 43. f4 Nd7 44. Ke2 Kg8 45. Nc7 f5 46. Kd3
Kf7 47. Kd4 g5 48. b5 gxf4 49. gxf4 Kg6 50. Kd5 Nb6+ 51. Kc5 Na4+ 52. Kc6 Kh5
53. Ne6 Nb2 54. b6 Nc4 55. b7 Na5+ 56. Kb6 Nxb7 57. Kxb7 Kg4 58. Kc6 1-0

[Event "European Championship"]
[Site "Plovdiv BUL"]
[Date "2012.03.30"]
[Round "10"]
[White "Jobava, Baadur"]
[Black "Petrosian, Tigran L"]
[Result "1-0"]
[WhiteElo "2706"]
[BlackElo "2643"]
[PlyCount "171"]
[EventDate "2012.03.20"]
[EventRounds "11"]
[EventCountry "BUL"]

1. e4 e5 2. Nf3 Nc6 3. d4 exd4 4. Nxd4 Bc5 5. Nb3 Bb4+ 6. Bd2 Bxd2+ 7. Qxd2 Nf6
8. Nc3 d6 9. O-O-O O-O 10. f3 a5 11. Nd4 Nxd4 12. Qxd4 Be6 13. Bc4 Re8 14. Bxe6
Rxe6 15. Rd2 Qe8 16. h4 b5 17. h5 h6 18. g4 b4 19. Nd1 Re5 20. Nf2 Qb5 21. f4
Rc5 22. g5 hxg5 23. h6 Qc4 24. Qxc4 Rxc4 25. b3 Rc6 26. fxg5 Nh7 27. Rd5 a4 28.
Kd2 axb3 29. axb3 Rc5 30. Rxc5 dxc5 31. Rg1 Nf8 32. Nd3 Ne6 33. Ne5 Rd8+ 34.
Ke3 Nd4 35. Rg2 Re8 36. Nd7 Ne6 37. g6 fxg6 38. Rxg6 Re7 39. Nf6+ Kf7 40. hxg7
Nxg7 41. Nd5 Rxe4+ 42. Kxe4 Kxg6 43. Nxc7 Kf7 44. Na6 c4 45. bxc4 Ke6 46. c5
Nh5 47. Nxb4 Kd7 48. Kd5 Nf4+ 49. Kc4 Ne2 50. Nd5 Kc6 51. Ne7+ Kd7 52. Nf5 Kc7
53. Nd4 Nf4 54. Kb5 Nd5 55. Nf5 Nc3+ 56. Kb4 Nd5+ 57. Kc4 Nf6 58. Ne7 Ne4 59.
Nd5+ Kc6 60. Nb4+ Kc7 61. Kd4 Ng3 62. Kd5 Ne2 63. Kc4 Kb7 64. c6+ Kb6 65. Kd5
Nc3+ 66. Ke5 Nb5 67. Kd5 Nc3+ 68. Kd6 Ne4+ 69. Ke5 Ng3 70. Kd5 Kc7 71. Na6+ Kc8
72. Kc5 Nf5 73. Nb4 Ne3 74. Nd5 Nf5 75. Kb6 Nd6 76. Ne3 Kb8 77. Kc5 Ne4+ 78.
Kd5 Nc3+ 79. Kd4 Ne2+ 80. Kc5 Kc8 81. Nd5 Ng3 82. Kb6 Nf5 83. c7 Kd7 84. Nf6+
Kc8 85. Ne4 Ne7 86. Nd6+ 1-0

[Event "European Championship"]
[Site "Plovdiv BUL"]
[Date "2012.03.30"]
[Round "10"]
[White "Jones, Gawain C B"]
[Black "Bologan, Viktor"]
[Result "0-1"]
[WhiteElo "2635"]
[BlackElo "2687"]
[PlyCount "110"]
[EventDate "2012.03.20"]
[EventRounds "11"]
[EventCountry "BUL"]

1. e4 g6 2. d4 Bg7 3. Nc3 c6 4. f4 d5 5. e5 Nh6 6. Nf3 O-O 7. Bd3 Bg4 8. h3
Bxf3 9. Qxf3 f6 10. e6 f5 11. Bd2 Rf6 12. O-O-O Rxe6 13. g4 Bxd4 14. gxf5 gxf5
15. Ne2 Bg7 16. Rhg1 Rg6 17. Rg5 Nd7 18. Rdg1 Qe8 19. h4 e6 20. Qe3 Rxg5 21.
hxg5 Ng4 22. Qf3 Nc5 23. Ng3 Nxd3+ 24. cxd3 Qg6 25. Bc3 d4 26. Bd2 Rd8 27. Kb1
Rd5 28. Qe2 Kf7 29. Qd1 Ke8 30. Qb3 Qf7 31. a4 Kd8 32. Bb4 Kc8 33. Ne4 Bf8 34.
Bxf8 Qxf8 35. Rh1 Qe7 36. Nf6 Nxf6 37. gxf6 Qf7 38. Rg1 Qxf6 39. Rg8+ Kc7 40.
Ra8 Qe7 41. Rxa7 Kb8 42. Qb6 e5 43. Ra5 Rxa5 44. Qxa5 e4 45. Qxf5 e3 46. Qa5 e2
47. Qe1 Qe3 48. Kc2 Kc8 49. f5 Kd7 50. b4 Ke8 51. b5 cxb5 52. axb5 b6 53. f6
Kf7 54. Kb2 Qxd3 55. Qh1 e1=Q 0-1

[Event "European Championship"]
[Site "Plovdiv BUL"]
[Date "2012.03.30"]
[Round "10"]
[White "Khalifman, Alexander"]
[Black "Dreev, Aleksey"]
[Result "1/2-1/2"]
[WhiteElo "2649"]
[BlackElo "2698"]
[PlyCount "80"]
[EventDate "2012.03.20"]
[EventRounds "11"]
[EventCountry "BUL"]

1. d4 d5 2. c4 c6 3. Nc3 Nf6 4. Nf3 e6 5. g3 Nbd7 6. Bg2 dxc4 7. O-O Bb4 8. Qc2
O-O 9. Rd1 Qe7 10. Ne5 Nb6 11. Ne4 Nxe4 12. Bxe4 h6 13. Nxc4 Nxc4 14. Qxc4 Bd6
15. Be3 Bd7 16. a3 Rfd8 17. Rac1 Be8 18. Bb1 a5 19. Bd2 Bc7 20. Bc3 a4 21. e4
e5 22. dxe5 Rxd1+ 23. Rxd1 Bxe5 24. Bxe5 Qxe5 25. Qd4 Qxd4 26. Rxd4 f6 27. Ba2+
Kf8 28. f3 Ke7 29. Kf2 c5 30. Rd2 Rd8 31. Rxd8 Kxd8 32. Ke3 Ke7 33. Bd5 b5 34.
f4 Kd6 35. h4 Bd7 36. Bf7 Bc6 37. Bh5 Bd7 38. Bf7 Bc6 39. Bh5 Ke6 40. Bg4+ Kd6
1/2-1/2

[Event "European Championship"]
[Site "Plovdiv BUL"]
[Date "2012.03.30"]
[Round "10"]
[White "Laznicka, Viktor"]
[Black "Rakhmanov, Aleksandr"]
[Result "1/2-1/2"]
[WhiteElo "2702"]
[BlackElo "2602"]
[PlyCount "103"]
[EventDate "2012.03.20"]
[EventRounds "11"]
[EventCountry "BUL"]

1. d4 Nf6 2. c4 g6 3. Nc3 d5 4. cxd5 Nxd5 5. e4 Nxc3 6. bxc3 Bg7 7. Bc4 c5 8.
Ne2 O-O 9. O-O Nc6 10. Be3 Bg4 11. f3 Bd7 12. Rb1 Qc7 13. Qd2 Rac8 14. Rfc1 a6
15. Nf4 b5 16. Bf1 Qa5 17. dxc5 Rcd8 18. Nd5 Be6 19. a4 Qxa4 20. Ra1 Qb3 21.
Rcb1 Bxd5 22. exd5 Qxd5 23. Qxd5 Rxd5 24. Rxa6 Nb8 25. Ra8 Bxc3 26. Bxb5 Be5
27. Ra7 e6 28. f4 Bd4 29. Bxd4 Rxd4 30. g3 Rc8 31. Ra8 Rdd8 32. Rc1 Nc6 33.
Rxc8 Rxc8 34. Kf2 Kf8 35. Ke3 Ke7 36. Ke4 Nb4 37. Kd4 Rb8 38. Kc4 Nd5 39. Re1
h5 40. h4 Nc7 41. Rb1 Nd5 42. Rb3 Nc7 43. Ba4 Ra8 44. Bc6 Ra1 45. Rb7 Kd8 46.
Kd4 Re1 47. Rb8+ Ke7 48. Rb7 Kd8 49. Rb8+ Ke7 50. Rc8 Rd1+ 51. Ke4 Nd5 52. Re8+
1/2-1/2

[Event "European Championship"]
[Site "Plovdiv BUL"]
[Date "2012.03.30"]
[Round "10"]
[White "Malakhov, Vladimir"]
[Black "Andreikin, Dmitry"]
[Result "1/2-1/2"]
[WhiteElo "2705"]
[BlackElo "2689"]
[PlyCount "81"]
[EventDate "2012.03.20"]
[EventRounds "11"]
[EventCountry "BUL"]

1. Nf3 Nf6 2. c4 c5 3. Nc3 Nc6 4. g3 g6 5. Bg2 d6 6. d4 cxd4 7. Nxd4 Bd7 8. b3
Bg7 9. Bb2 Nxd4 10. Qxd4 Bc6 11. O-O O-O 12. Nd5 Bxd5 13. Bxd5 Ne8 14. Qd2 Bxb2
15. Qxb2 Qb6 16. e3 Nc7 17. Rfd1 Rfc8 18. Rac1 Nxd5 19. Rxd5 Rc5 20. Qd2 a5 21.
e4 Qb4 22. Qe3 a4 23. Rxc5 Qxc5 24. Qxc5 dxc5 25. Rb1 axb3 26. Rxb3 Rxa2 27.
Rxb7 Rc2 28. Rxe7 Rxc4 29. Rc7 Rxe4 30. Rxc5 Kg7 31. Kg2 Ra4 32. Rc7 Ra3 33. g4
Ra4 34. Kg3 Ra3+ 35. f3 Ra4 36. h3 h6 37. Rb7 Rc4 38. Ra7 Rb4 39. Rd7 Kf6 40.
Ra7 Kg7 41. Rc7 1/2-1/2

[Event "European Championship"]
[Site "Plovdiv BUL"]
[Date "2012.03.30"]
[Round "10"]
[White "Matlakov, Maxim"]
[Black "Inarkiev, Ernesto"]
[Result "1/2-1/2"]
[WhiteElo "2632"]
[BlackElo "2695"]
[PlyCount "122"]
[EventDate "2012.03.20"]
[EventRounds "11"]
[EventCountry "BUL"]

1. d4 d5 2. c4 c6 3. Nc3 Nf6 4. e3 e6 5. Nf3 a6 6. b3 Bb4 7. Bd2 Bd6 8. Bd3 c5
9. O-O O-O 10. cxd5 exd5 11. e4 cxd4 12. Nxd5 Nxd5 13. exd5 Bg4 14. h3 Bh5 15.
g4 Bg6 16. Bxg6 hxg6 17. Nxd4 Be5 18. Be3 Qxd5 19. Nf3 Qe6 20. Bd4 Bxd4 21.
Qxd4 Nc6 22. Qf4 Rad8 23. Rfe1 Qd5 24. Re3 Rd6 25. Rae1 Nd8 26. Ng5 f6 27. Re8
Qc6 28. Rxf8+ Kxf8 29. Rc1 Qd7 30. Ne4 Rd4 31. Nc5 Qd5 32. Qc7 Kg8 33. Re1 Kh7
34. Kh2 Rd2 35. Ne4 Qd4 36. Qg3 Rxa2 37. g5 Ne6 38. Qh4+ Kg8 39. gxf6 g5 40.
Qh5 Rxf2+ 41. Kh1 Qd5 42. Qe8+ Nf8 43. fxg7 Kxg7 44. Qe7+ Kg6 45. h4 Ne6 46.
h5+ Kxh5 47. Kg1 Rf4 48. Nf6+ Rxf6 49. Qxf6 Nf4 50. Qh8+ Kg4 51. Qc8+ Kh4 52.
Qh8+ Kg4 53. Qc8+ Kh4 54. Qh8+ Nh5 55. Qc3 b5 56. Re5 Qd6 57. Kh2 g4 58. Qe3
Qf6 59. Re4 Qf1 60. b4 Nf6 61. Qh6+ Nh5 1/2-1/2

[Event "European Championship"]
[Site "Plovdiv BUL"]
[Date "2012.03.30"]
[Round "10"]
[White "Mista, Aleksander"]
[Black "Navara, David"]
[Result "0-1"]
[WhiteElo "2587"]
[BlackElo "2700"]
[PlyCount "70"]
[EventDate "2012.03.20"]
[EventRounds "11"]
[EventCountry "BUL"]

1. e4 c5 2. Nf3 d6 3. d4 cxd4 4. Nxd4 Nf6 5. Nc3 e6 6. Be2 a6 7. f4 Qc7 8. O-O
Be7 9. Be3 Nbd7 10. g4 h6 11. Rf2 Nc5 12. Bf3 g5 13. fxg5 hxg5 14. Bg2 d5 15.
exd5 Qxh2+ 16. Kf1 Qg3 17. Qf3 Qxf3 18. Bxf3 e5 19. Nf5 Bxf5 20. gxf5 O-O-O 21.
Bxg5 Nxd5 22. Bxd5 Bxg5 23. Ke2 Rh3 24. Rd1 f6 25. Bg2 Rxd1 26. Nxd1 Rh4 27.
Rf3 Rd4 28. Rc3 b6 29. Nf2 Kd8 30. Nd3 Na4 31. Rc6 e4 32. Nf2 Kd7 33. Nxe4 Kxc6
34. Nxg5+ Kd6 35. Ne6 Rc4 0-1

[Event "European Championship"]
[Site "Plovdiv BUL"]
[Date "2012.03.30"]
[Round "10"]
[White "Movsesian, Sergei"]
[Black "Najer, Evgeniy"]
[Result "0-1"]
[WhiteElo "2702"]
[BlackElo "2640"]
[PlyCount "84"]
[EventDate "2012.03.20"]
[EventRounds "11"]
[EventCountry "BUL"]

1. c4 e5 2. g3 Nf6 3. Bg2 Nc6 4. Nc3 Bc5 5. Nf3 d6 6. O-O a6 7. d3 h6 8. a3 O-O
9. b4 Ba7 10. Bb2 Nd4 11. Nd2 c6 12. e3 Bg4 13. Qb1 Ne6 14. Qa2 Ng5 15. Rae1
Qd7 16. f4 Nh3+ 17. Kh1 exf4 18. gxf4 Rae8 19. Nce4 Nh5 20. d4 Re7 21. c5 d5
22. Nd6 Bb8 23. a4 Bxd6 24. cxd6 Qxd6 25. b5 axb5 26. axb5 Qg6 27. Ba3 Ra8 28.
Qb3 Re6 29. Rc1 Rae8 30. Rc3 Ng3+ 31. hxg3 Qh5 32. Nf3 Nxf4+ 33. Nh2 Nxg2 34.
Kxg2 Qh3+ 35. Kh1 Be2 36. Rf2 Bxb5 37. Bc1 Rg6 38. g4 Re4 39. Rg2 Bf1 40. Qc2
Bxg2+ 41. Qxg2 Rexg4 42. Qxh3 Rg1# 0-1

[Event "European Championship"]
[Site "Plovdiv BUL"]
[Date "2012.03.30"]
[Round "10"]
[White "Naiditsch, Arkadij"]
[Black "Solak, Dragan"]
[Result "1/2-1/2"]
[WhiteElo "2702"]
[BlackElo "2602"]
[PlyCount "109"]
[EventDate "2012.03.20"]
[EventRounds "11"]
[EventCountry "BUL"]

1. c4 c6 2. e4 d5 3. exd5 cxd5 4. d4 Nf6 5. Nc3 Nc6 6. Bg5 Ne4 7. Nxe4 dxe4 8.
d5 f6 9. Bd2 Ne5 10. f4 Ng6 11. Qh5 f5 12. Nh3 e6 13. Ng5 exd5 14. cxd5 Qb6 15.
Rd1 Be7 16. Nxh7 Bd7 17. d6 Qxd6 18. Ba5 Qe6 19. Be2 b6 20. Bc3 O-O-O 21. O-O
Kb7 22. Bxg7 Rhg8 23. Ng5 Bc5+ 24. Kh1 Qe7 25. Qxg6 Rxg7 26. Qh6 Rgg8 27. h3
Rh8 28. Qg6 Bc8 29. Qf7 Qxf7 30. Nxf7 Rxd1 31. Rxd1 Rh4 32. Rf1 Be3 33. g4
Rxh3+ 34. Kg2 Rh7 35. Nd6+ Kc7 36. Ne8+ Kb7 37. g5 Be6 38. Bc4 Bxc4 39. Nd6+
Kc6 40. Nxc4 Bd4 41. Ne5+ Bxe5 42. fxe5 Kd5 43. Rxf5 Rh5 44. Kg3 e3 45. Kf3 Ke6
46. Rf8 Rxg5 47. Re8+ Kd5 48. e6 e2 49. Kxe2 Rg2+ 50. Kd3 Rxb2 51. e7 Ke6 52.
Ra8 Kxe7 53. Rxa7+ Kd6 54. Kc3 Rh2 55. Kb3 1/2-1/2

[Event "European Championship"]
[Site "Plovdiv BUL"]
[Date "2012.03.30"]
[Round "10"]
[White "Petrisor, Adrian-Marian"]
[Black "Giri, Anish"]
[Result "0-1"]
[WhiteElo "2383"]
[BlackElo "2717"]
[PlyCount "110"]
[EventDate "2012.03.20"]
[EventRounds "11"]
[EventCountry "BUL"]

1. e4 g6 2. d4 Bg7 3. Nc3 d6 4. Nf3 a6 5. Be2 b5 6. O-O Bb7 7. a3 Nd7 8. Re1 c5
9. dxc5 Nxc5 10. Bf1 Nf6 11. e5 dxe5 12. Qxd8+ Rxd8 13. Nxe5 O-O 14. Nd3 Nxd3
15. Bxd3 Rfe8 16. Bf4 Nd7 17. Rad1 Bc6 18. Bf1 Rc8 19. Be3 f5 20. f3 e6 21. Bd4
Bf8 22. Bf2 g5 23. Ne2 Nf6 24. Nd4 Bd5 25. c3 Kf7 26. a4 bxa4 27. Bxa6 Rc7 28.
Bb5 Rb8 29. Rc1 a3 30. bxa3 Bxa3 31. Rc2 Bc5 32. Bf1 Rb6 33. c4 Bb7 34. Nb5
Bxf2+ 35. Rxf2 Rc5 36. Rd2 Ke7 37. Red1 Ra6 38. Rd8 h5 39. Nd6 Ba8 40. Nc8+ Kf7
41. Nd6+ Kg6 42. Ne8 h4 43. Nxf6 Kxf6 44. Rf8+ Kg7 45. Rdd8 Rca5 46. Rg8+ Kf6
47. Rdf8+ Ke5 48. Rxg5 Ra1 49. Rgg8 R6a2 50. Rb8 Bc6 51. Rb6 Ba4 52. Ra6 Rc2
53. f4+ Kxf4 54. g3+ Kf3 55. gxh4 Rxf1+ 0-1

[Event "European Championship"]
[Site "Plovdiv BUL"]
[Date "2012.03.30"]
[Round "10"]
[White "Ragger, Markus"]
[Black "Vitiugov, Nikita"]
[Result "1/2-1/2"]
[WhiteElo "2654"]
[BlackElo "2709"]
[PlyCount "81"]
[EventDate "2012.03.20"]
[EventRounds "11"]
[EventCountry "BUL"]

1. d4 Nf6 2. c4 e6 3. Nf3 d5 4. g3 Bb4+ 5. Bd2 Be7 6. Bg2 c6 7. Qc2 b6 8. O-O
Nbd7 9. b3 O-O 10. Rd1 Ba6 11. a4 Rc8 12. a5 c5 13. axb6 Qxb6 14. Qa2 Bb7 15.
Ba5 Qd6 16. b4 dxc4 17. bxc5 Nxc5 18. Na3 Nce4 19. Nxc4 Qa6 20. Nfe5 Bd5 21.
Rdc1 Bd6 22. Qb2 Bxe5 23. dxe5 Rxc4 24. Rxc4 Qxc4 25. exf6 Nxf6 26. Bc3 Bxg2
27. Kxg2 Qd5+ 28. f3 Qg5 29. Bxf6 Qxf6 30. Qxf6 gxf6 31. Rxa7 Kg7 32. g4 Rc8
33. Ra5 Rc2 34. Kf2 Rc3 35. Kg3 Re3 36. Kf2 Rc3 37. Kg3 Re3 38. Kf2 Rc3 39. Kg3
Re3 40. Kf2 Rc3 41. Kg3 1/2-1/2

[Event "European Championship"]
[Site "Plovdiv BUL"]
[Date "2012.03.30"]
[Round "10"]
[White "Sutovsky, Emil"]
[Black "Zhigalko, Andrey"]
[Result "0-1"]
[WhiteElo "2700"]
[BlackElo "2590"]
[PlyCount "104"]
[EventDate "2012.03.20"]
[EventRounds "11"]
[EventCountry "BUL"]

1. e4 c5 2. Nf3 d6 3. d4 cxd4 4. Nxd4 Nf6 5. Nc3 a6 6. Be3 e6 7. g4 e5 8. Nf5
g6 9. g5 gxf5 10. exf5 d5 11. Qf3 Ne4 12. Nxe4 dxe4 13. Qxe4 Nc6 14. Bc4 Qd7
15. g6 fxg6 16. fxg6 Qf5 17. Bf7+ Ke7 18. Bc5+ Kf6 19. Qh4+ Kg7 20. Bxf8+ Kxf8
21. Bd5 Kg7 22. Bxc6 bxc6 23. Qe7+ Kxg6 24. Rg1+ Kh5 25. O-O-O Be6 26. Qc5 Rhg8
27. Rge1 Bd5 28. Re3 Rae8 29. c4 Bf3 30. Rde1 Rg5 31. Qa3 Qf4 32. Kb1 e4 33.
Qxa6 Re6 34. a4 Reg6 35. Qc8 Qxh2 36. Qd7 Kh6 37. Rxf3 exf3 38. Re7 Rg7 39.
Re6+ R5g6 40. Qd2+ Kh5 41. Re3 Qf4 42. Qc3 Rf7 43. a5 c5 44. Re5+ Rg5 45. Re1
Qf6 46. Qa3 Kg6 47. Rd1 Kg7 48. Qa4 Rg2 49. Rd2 Qg5 50. Rd5 Qg6+ 51. Ka2 Rxf2
52. Qb5 Rg2 0-1